| 000 | 00676nam a22002537a 4500 | ||
|---|---|---|---|
| 001 | 24994 | ||
| 003 | UA-OsUOA | ||
| 005 | 20200928100651.0 | ||
| 007 | ta | ||
| 008 | 20040309b un ||||| |||| 00| 0 ukr d | ||
| 020 | _a966-509-000-3 | ||
| 040 |
_aUA-OsUOA _brus _cUA-OsUOA _dUA-OsUOA |
||
| 041 | _arus | ||
| 044 | _aUA | ||
| 080 | _a81'36=133.1 | ||
| 090 |
_a81'36=133.1 _bХ33 |
||
| 100 | _aХовхун В. П. | ||
| 245 |
_aГрамматика французского языка для студентов и школьников _bпособие |
||
| 260 |
_aКиев _bЛогос _c2003 |
||
| 300 | _a384 с. | ||
| 650 | 7 | _2UDC | |
| 942 |
_cBK _2udc |
||
| 955 | _a0 | ||
| 999 |
_c311282 _d311282 |
||